| 000 | 00858cam a22002415a 4500 | ||
|---|---|---|---|
| 001 | 16886848 | ||
| 003 | OSt | ||
| 005 | 20180116192415.0 | ||
| 008 | 110516s2010 ne a 000 0 eng | ||
| 010 | _a 2011474236 | ||
| 020 | _a9461051034 (pbk.) | ||
| 035 | _a(CaONFCNI)ny17155786 | ||
| 040 |
_aDLC _cDLC |
||
| 082 | _a724.6 | ||
| 245 | 0 | 0 |
_aArchitecture as a craft : _barchitecture, drawing, model and position / _cedited by Michiel Riedijk ; with the assistance of Else Marijn Kruijswijk, Drazen Krickovic & Jaimy Siebel. |
| 260 |
_aAmsterdam : _bSUN, _c2010. |
||
| 300 |
_a231 p. : _bill. ; _c24 cm. |
||
| 500 | _aIncludes bibliographical references. | ||
| 906 |
_a0 _bibc _corigres _d3 _encip _f20 _gy-gencatlg |
||
| 942 |
_2ddc _cBK |
||
| 999 |
_c353682 _d353682 |
||